000 00605nam a2200217Ia 4500
003 OSt
005 20250806155610.0
008 210210b1984 xxu||||| |||| 00| 0 eng d
040 _cAL
041 _aKannads
082 _aK894.9 NAYV
100 _aNAYAKA (Ha Ma), Ed.
_9132932
_dನಾಯಕ (ಹಾ ಮಾ)
245 _aVimarsheya marga. 1.
_bವಿಮರ್ಶೆಯ ಮಾರ್ಗ : ೧
260 _aMaisuru
_bVishvavidyalaya
_c1984
300 _aviii,204
440 _a1
_9132933
650 _aVimarshe
_9132934
690 _aKannada Criticism
_9132935
906 _aSG03209
942 _2ddc
_cBK
999 _c114302
_d114302